[Event "Coliseo Department-ch"]
[Site "Coliseo"]
[Date "2020.12.13"]
[Round "6"]
[White "Moncada Salguero, Carlos"]
[Black "Gomez Saenz, Manuela"]
[Result "0-1"]
[WhiteElo "1602"]
[BlackElo "1553"]
[PlyCount "68"]
[EventDate "2020.12.11"]
[EventType "swiss"]
[EventRounds "7"]
[EventCountry "COL"]
[SourceTitle "EXT 2022"]
[Source "ChessBase"]
[SourceDate "2021.10.06"]
[SourceVersion "1"]
[SourceVersionDate "2021.10.06"]
[SourceQuality "1"]

1. d4 Nf6 2. Nf3 g6 3. e3 Bg7 4. Be2 0-0 5. 0-0 d6 6. h3 Nbd7 7. Nbd2 c5 8. c3 a6 9. Re1 b5 10. Nf1 Bb7 11. b3 Ne4 12. Bb2 Kh8 13. Rc1 f5 14. Ba1 f4 15. c4 e5 16. d5 Ng5 17. exf4 Rxf4 18. Nxg5 Qxg5 19. Ng3 Nf6 20. Bf3 Nd7 21. Bc3 Qe7 22. Bd2 Rf7 23. Ne4 h6 24. Rc3 Raf8 25. Qe2 Nf6 26. Nxf6 Qxf6 27. Qe4 Bc8 28. g4 Qh4 29. Kg2 b4 30. Rce3 h5 31. R1e2 Rf4 32. Qxg6 hxg4 33. hxg4 Bxg4 34. Bxg4 Rxg4+ 0-1